[Event "Caspian Cup 20th"]
[Site "Rasht"]
[Date "2024.02.07"]
[Round "6"]
[White "Khoshkalam, Seyed Mehrab"]
[Black "Gerayeli, Kiarash"]
[Result "1/2-1/2"]
[WhiteElo "2254"]
[BlackElo "2040"]
[PlyCount "113"]
[EventDate "2024.02.03"]
[EventType "swiss"]
[EventRounds "9"]
[EventCountry "IRI"]
[SourceTitle "CB07_2024"]
[SourceDate "2024.02.14"]
[SourceVersion "1"]
[SourceVersionDate "2024.02.14"]
[SourceQuality "1"]

1. d4 d5 2. Nf3 c6 3. g3 Nf6 4. Bg2 Bf5 5. 0-0 e6 6. b3 Bd6 7. c4 0-0 8. Bb2 Nbd7 9. Nc3 h6 10. Nd2 Qe7 11. e4 dxe4 12. Ndxe4 Ba3 13. Qe2 Bxb2 14. Qxb2 Nxe4 15. Nxe4 Nf6 16. Nc3 Rfd8 17. Rad1 Rd7 18. Rfe1 Rad8 19. d5 Qc5 20. dxc6 Rxd1 21. Rxd1 Rxd1+ 22. Nxd1 bxc6 23. Qd2 Be4 24. Nc3 Bxg2 25. Kxg2 Qe5 26. Qd8+ Kh7 27. Qd3+ Kg8 28. b4 Qe1 29. Qd8+ Kh7 30. Qd4 e5 31. Qe3 Qxe3 32. fxe3 Ng4 33. Nd1 e4 34. b5 Ne5 35. Nb2 cxb5 36. cxb5 Kg6 37. h3 Kf5 38. Na4 Nc4 39. Kf2 Ke5 40. Nc3 f5 41. Ne2 g6 42. Nd4 Kd5 43. Nc6 Kc5 44. Nxa7 Kb6 45. Nc8+ Kxb5 46. g4 fxg4 47. hxg4 Kb4 48. Ne7 Kc3 49. Nxg6 Kd2 50. a4 Nxe3 51. a5 Nc4 52. a6 e3+ 53. Kg2 e2 54. Nh4 Ne5 55. a7 e1Q 56. a8Q Qe2+ 57. Kh1 1/2-1/2

[Event "Rasht Father Cup Blitz 2nd"]
[Site "Rasht"]
[Date "2023.12.07"]
[Round "13"]
[White "Mosadeghpour, Masoud"]
[Black "Khoshkalam, Seyed Mehrab"]
[Result "1-0"]
[WhiteElo "2473"]
[BlackElo "2266"]
[PlyCount "82"]
[EventDate "2023.12.07"]
[EventType "swiss (blitz)"]
[EventRounds "13"]
[EventCountry "IRI"]
[SourceTitle "CB50_2023"]
[SourceDate "2023.12.13"]
[SourceVersion "1"]
[SourceVersionDate "2023.12.13"]
[SourceQuality "1"]

1. e4 e6 2. d4 d5 3. exd5 exd5 4. Nf3 Bd6 5. Bd3 Nc6 6. 0-0 Nge7 7. Re1 Bg4 8. c3 Qd7 9. h3 Bh5 10. b4 Bg6 11. Bf1 f6 12. Nbd2 0-0 13. Nb3 Rae8 14. Nc5 Bxc5 15. dxc5 Nd8 16. c4 Bf7 17. Bf4 Qc8 18. Qb3 Qd7 19. Rad1 Ng6 20. Bh2 Rxe1 21. Nxe1 c6 22. cxd5 cxd5 23. Nf3 Re8 24. b5 Ne5 25. Bxe5 fxe5 26. Ng5 d4 27. Nxf7 Nxf7 28. c6 Qc7 29. cxb7 Qxb7 30. Bc4 Re7 31. Rc1 g6 32. Bd5 Qd7 33. a4 Kg7 34. a5 e4 35. b6 axb6 36. axb6 e3 37. b7 exf2+ 38. Kxf2 Re8 39. Bxf7 Qf5+ 40. Qf3 Rb8 41. Qxf5 Ra8 1-0

[Event "Caspian Cup 19th"]
[Site "Rasht"]
[Date "2023.02.15"]
[Round "4"]
[White "Nazari, Arad"]
[Black "Khoshkalam, Seyed Mehrab"]
[Result "0-1"]
[WhiteElo "2379"]
[BlackElo "2279"]
[PlyCount "86"]
[EventDate "2023.02.12"]
[EventType "swiss"]
[EventRounds "9"]
[EventCountry "IRI"]
[SourceTitle "EXT 2024"]
[Source "ChessBase"]
[SourceDate "2023.10.10"]
[SourceVersion "1"]
[SourceVersionDate "2023.10.10"]
[SourceQuality "1"]

1. e4 c6 2. d4 d5 3. e5 c5 4. dxc5 e6 5. a3 Bxc5 6. Qg4 Bf8 7. Nf3 Nd7 8. Bd3 Ne7 9. b4 a5 10. Bb2 axb4 11. axb4 Rxa1 12. Bxa1 Nc6 13. b5 Qa5+ 14. Bc3 Ncxe5 15. Nxe5 Nxe5 16. Qxe6+ fxe6 17. Bxa5 Nxd3+ 18. cxd3 Bd7 19. Nc3 Bc5 20. Bc7 Bb4 21. Be5 0-0 22. Ke2 Rc8 23. Rc1 Bxb5 24. Rb1 Bxc3 25. Bxc3 Rxc3 26. Rxb5 Rc7 27. Ke3 Kf7 28. h3 g5 29. Kd4 Kf6 30. g4 h6 31. f3 Rh7 32. Rb6 h5 33. Rb3 Rc7 34. Rb6 h4 35. Rb2 Rc1 36. Rxb7 Rh1 37. Rh7 Rxh3 38. Ke3 Rh1 39. d4 Re1+ 40. Kd2 Ra1 41. Rh6+ Kg7 42. Rxe6 h3 43. Re7+ Kf6 0-1

[Event "Rasht Gilan Cup 1st"]
[Site "Rasht"]
[Date "2022.07.15"]
[Round "8"]
[White "Movahed, Sina"]
[Black "Khoshkalam, Seyed Mehrab"]
[Result "1-0"]
[WhiteElo "2058"]
[BlackElo "2297"]
[PlyCount "49"]
[EventDate "2022.07.09"]
[EventType "swiss"]
[EventRounds "9"]
[EventCountry "IRI"]
[SourceTitle "CBM 209 Extra"]
[Source "ChessBase"]
[SourceDate "2022.09.30"]
[SourceVersion "1"]
[SourceVersionDate "2022.09.30"]
[SourceQuality "1"]

1. Nf3 Nf6 2. c4 e6 3. g3 d5 4. b3 d4 5. Bb2 Nc6 6. Bg2 Bc5 7. 0-0 0-0 8. d3 e5 9. Na3 Qe7 10. Nc2 Rd8 11. Nd2 Bf5 12. a3 a5 13. Ne4 Nxe4 14. Bxe4 Bxe4 15. dxe4 Qe6 16. Qd3 Qh3 17. Bc1 h5 18. Rb1 h4 19. Bg5 f6 20. Bd2 Kf7 21. b4 axb4 22. axb4 Be7 23. c5 Rh8 24. Qb3+ Kf8 25. Ra1 1-0

[Event "Rasht Khazar op 18th"]
[Site "Rasht"]
[Date "2020.02.18"]
[Round "7"]
[White "Khoshkalam, Seyed Mehrab"]
[Black "Quparadze, Giga"]
[Result "0-1"]
[WhiteElo "2280"]
[BlackElo "2462"]
[PlyCount "156"]
[EventDate "2020.02.13"]
[EventType "swiss"]
[EventRounds "9"]
[EventCountry "IRI"]
[SourceTitle "CBM 195 Extra"]
[Source "ChessBase"]
[SourceDate "2020.05.31"]
[SourceVersion "1"]
[SourceVersionDate "2020.05.31"]
[SourceQuality "1"]

1. Nf3 Nf6 2. g3 b6 3. Bg2 Bb7 4. c4 g6 5. b3 Bg7 6. Bb2 0-0 7. 0-0 d6 8. d4 e6 9. Nc3 Ne4 10. Qc2 Nxc3 11. Bxc3 f5 12. Nd2 Bxg2 13. Kxg2 Nd7 14. Rad1 a5 15. a3 g5 16. e4 f4 17. g4 Qf6 18. f3 Qg6 19. b4 axb4 20. axb4 h5 21. h3 Nf6 22. Qb3 b5 23. cxb5 d5 24. e5 Nd7 25. Qb1 Qxb1 26. Rxb1 Rab8 27. Ra1 Rxb5 28. Ra7 Rc8 29. gxh5 Bf8 30. h4 gxh4 31. Kh3 Be7 32. Rg1+ Kh7 33. Rg6 Rb6 34. b5 Nf8 35. Rg4 Kh6 36. Rxf4 Nh7 37. Rg4 Ng5+ 38. Kg2 Kxh5 39. Ra1 Rxb5 40. Rh1 Nf7 41. Nf1 Bg5 42. Ng3+ Kg6 43. Rhxh4 Rb3 44. Ne2 Ra8 45. f4 Ra2 46. Kf3 c5 47. fxg5 cxd4 48. Rxd4 Nxe5+ 49. Ke3 Kxg5 50. Rh8 Rxe2+ 51. Kxe2 Rxc3 52. Rf8 Rc2+ 53. Kd1 Ra2 54. Rb4 Ng6 55. Rf7 Ne5 56. Rf8 Nc4 57. Rb3 Kg4 58. Rb7 Ne3+ 59. Ke1 Ng2+ 60. Kd1 Nf4 61. Re7 Ra6 62. Rf6 Kf3 63. Rb7 d4 64. Rb3+ Ke4 65. Rh6 Ra1+ 66. Kd2 Ra2+ 67. Kd1 e5 68. Rh4 d3 69. Rb5 Kd4 70. Rg4 Rf2 71. Rg8 Nd5 72. Ke1 Re2+ 73. Kf1 Ne3+ 74. Kg1 d2 75. Rd8+ Kc3 76. Rc5+ Nc4 77. Rcd5 e4 78. Kf1 Re3 0-1

[Event "IRI-chT S2 17th"]
[Site "Tehran"]
[Date "2019.04.17"]
[Round "4.2"]
[White "Khoshkalam, Seyed Mehrab"]
[Black "Mousavi, Seyed Khalil"]
[Result "1/2-1/2"]
[WhiteElo "2264"]
[BlackElo "2475"]
[PlyCount "97"]
[EventDate "2019.04.15"]
[EventType "team-swiss"]
[EventRounds "7"]
[EventCountry "IRI"]
[SourceTitle "CBM 189 Extra"]
[Source "ChessBase"]
[SourceDate "2019.06.03"]
[SourceVersion "1"]
[SourceVersionDate "2019.06.03"]
[SourceQuality "1"]
[WhiteTeam "Eslami Daneshgah Azad"]
[BlackTeam "Tehran Saipa"]
[WhiteTeamCountry "IRI"]
[BlackTeamCountry "IRI"]

1. d4 Nf6 2. Nf3 g6 3. Nbd2 Bg7 4. e4 0-0 5. c3 d6 6. Qc2 Nc6 7. Be2 e5 8. dxe5 Nxe5 9. Nxe5 dxe5 10. 0-0 c6 11. b3 Qc7 12. Nc4 Be6 13. Rd1 b5 14. Ne3 a5 15. a4 Rfb8 16. axb5 cxb5 17. c4 b4 18. Bb2 Nd7 19. Bg4 Nc5 20. Bxe6 fxe6 21. Nf1 Qc6 22. Nd2 Rd8 23. Nf3 Qxe4 24. Qxe4 Rxd1+ 25. Rxd1 Nxe4 26. Bxe5 Nc5 27. Bxg7 Kxg7 28. Ne5 a4 29. bxa4 b3 30. Kf1 b2 31. Rb1 Nxa4 32. Ke1 Rd8 33. f4 Kf6 34. c5 Kf5 35. c6 Ke4 36. Nc4 Kxf4 37. Nxb2 Nxb2 38. Rxb2 Rc8 39. Rf2+ Ke4 40. Rf7 Rxc6 41. Rxh7 Rc2 42. Kf1 e5 43. Ra7 Kf4 44. Rf7+ Ke3 45. Rf3+ Ke4 46. Ra3 g5 47. Rg3 Kf5 48. Rf3+ Ke6 49. Rf2 1/2-1/2

[Event "Aftab Cup op 2nd"]
[Site "Khomein"]
[Date "2018.08.29"]
[Round "7"]
[White "Hamidi, Amir Mohammad"]
[Black "Khoshkalam, Seyed Mehrab"]
[Result "0-1"]
[WhiteElo "2299"]
[BlackElo "2182"]
[PlyCount "72"]
[EventDate "2018.08.25"]
[EventType "swiss"]
[EventRounds "9"]
[EventCountry "IRI"]
[SourceTitle "CBM 186 Extra"]
[Source "ChessBase"]
[SourceDate "2018.08.24"]
[SourceVersion "1"]
[SourceVersionDate "2018.08.24"]
[SourceQuality "1"]

1. Nf3 Nf6 2. d4 e6 3. c4 Bb4+ 4. Nbd2 d5 5. a3 Be7 6. g3 dxc4 7. Qa4+ Nbd7 8. Bg2 0-0 9. Qxc4 c5 10. dxc5 Nxc5 11. b4 Na4 12. Qb3 Qe8 13. Nc4 b5 14. Na5 e5 15. Nxe5 Bxb4+ 16. Qxb4 Qxe5 17. Rb1 Bg4 18. Qxb5 Qxb5 19. Rxb5 Rac8 20. Nc6 Rfe8 21. Be3 Bd7 22. Ra5 Bxc6 23. Bxc6 Rxc6 24. 0-0 Nc3 25. Rxa7 Nxe2+ 26. Kg2 Nd5 27. Rd1 Nxe3+ 28. fxe3 h6 29. Rf1 Rf6 30. Rxf6 gxf6 31. Kf3 Nc3 32. a4 Nd5 33. e4 Nc3 34. a5 Nxe4 35. Rc7 Nd2+ 36. Kf2 Ra8 0-1

[Event "Aftab Cup op 2nd"]
[Site "Khomein"]
[Date "2018.08.26"]
[Round "2"]
[White "Khoshkalam, Seyed Mehrab"]
[Black "Shanava, Konstantine"]
[Result "0-1"]
[WhiteElo "2182"]
[BlackElo "2499"]
[PlyCount "66"]
[EventDate "2018.08.25"]
[EventType "swiss"]
[EventRounds "9"]
[EventCountry "IRI"]
[SourceTitle "CBM 186 Extra"]
[Source "ChessBase"]
[SourceDate "2018.08.24"]
[SourceVersion "1"]
[SourceVersionDate "2018.08.24"]
[SourceQuality "1"]

1. d4 g6 2. Nf3 Bg7 3. e4 c6 4. c3 d5 5. Nbd2 Nf6 6. Bd3 0-0 7. 0-0 Bg4 8. h3 Bxf3 9. Qxf3 e6 10. e5 Nfd7 11. Qe3 c5 12. f4 cxd4 13. cxd4 Nc6 14. Nf3 Nb4 15. Bb1 f6 16. h4 Bh6 17. Qe2 fxe5 18. fxe5 Bxc1 19. Rxc1 Rxf3 20. Qxf3 Qxh4 21. Qe3 Nc6 22. Rd1 Rf8 23. Bc2 Nb6 24. b3 Qf4 25. Qd2 Qg4 26. Qe3 Rf4 27. Bd3 Qg5 28. Qh3 Nxd4 29. Bf1 Nf3+ 30. Kh1 Rh4 31. gxf3 Qg3 32. Qxh4 Qxh4+ 33. Kg1 d4 0-1

[Event "Avicenna op 15th"]
[Site "Hamedan"]
[Date "2018.08.18"]
[Round "3"]
[White "Molaei, Mohammadamin"]
[Black "Khoshkalam, Seyed Mehrab"]
[Result "1/2-1/2"]
[WhiteElo "2377"]
[BlackElo "2182"]
[PlyCount "111"]
[EventDate "2018.08.17"]
[EventType "swiss"]
[EventRounds "9"]
[EventCountry "IRI"]
[SourceTitle "CBM 186 Extra"]
[Source "ChessBase"]
[SourceDate "2018.08.24"]
[SourceVersion "1"]
[SourceVersionDate "2018.08.24"]
[SourceQuality "1"]

1. d4 Nf6 2. c4 e6 3. Nf3 b6 4. g3 Ba6 5. b3 Bb4+ 6. Bd2 Be7 7. Nc3 c6 8. Bg2 d5 9. cxd5 cxd5 10. b4 Nbd7 11. b5 Bb7 12. 0-0 0-0 13. Qb3 Ne4 14. Rfc1 Nd6 15. Nd1 a5 16. Nb2 Ne4 17. Bf4 Bd6 18. Bxd6 Nxd6 19. Rc2 Rc8 20. Rac1 Rxc2 21. Rxc2 Qb8 22. Nd3 Rc8 23. a4 Rxc2 24. Qxc2 Qc8 25. Qxc8+ Bxc8 26. Nd2 Kf8 27. Kf1 Ke7 28. e3 f6 29. Ke2 Nf8 30. h4 h6 31. h5 Bb7 32. Nf4 Kf7 33. Kd3 f5 34. f3 g5 35. hxg6+ Nxg6 36. Nxg6 Kxg6 37. e4 Kg5 38. exf5 Nxf5 39. Nf1 Bc8 40. Bh3 Nxg3 41. Nxg3 Kh4 42. Bxe6 Bxe6 43. Ne2 Kg5 44. Ke3 h5 45. Nf4 Bf7 46. Nd3 h4 47. Nc5 h3 48. Kf2 Kf4 49. Nd3+ Kg5 50. Kg3 Bg6 51. Nc5 Bf5 52. Na6 Bc2 53. Nc7 Bxa4 54. Nxd5 Bxb5 55. Nxb6 a4 56. Nxa4 1/2-1/2

[Event "Bandar e Anzali Khazar Cup 16th"]
[Site "Bandar e Anzali"]
[Date "2018.02.27"]
[Round "1"]
[White "Vahidov, Tair"]
[Black "Khoshkalam, Seyed Mehrab"]
[Result "1/2-1/2"]
[WhiteElo "2410"]
[BlackElo "2192"]
[PlyCount "56"]
[EventDate "2018.02.27"]
[EventType "swiss"]
[EventRounds "9"]
[EventCountry "IRI"]
[SourceTitle "CBM 183 Extra"]
[Source "ChessBase"]
[SourceDate "2018.04.19"]
[SourceVersion "1"]
[SourceVersionDate "2018.04.19"]
[SourceQuality "1"]

1. Nf3 d5 2. g3 c5 3. Bg2 Nc6 4. d4 Nf6 5. 0-0 e6 6. c4 dxc4 7. dxc5 Qxd1 8. Rxd1 Bxc5 9. Nbd2 c3 10. bxc3 0-0 11. Nb3 Be7 12. Nfd4 Bd7 13. c4 Rfd8 14. Bb2 Rac8 15. Nb5 Be8 16. c5 Nb4 17. Nd6 Bxd6 18. cxd6 Bc6 19. Bxf6 gxf6 20. Rac1 Nxa2 21. Rc4 Bxg2 22. Rxc8 Rxc8 23. Kxg2 b6 24. Ra1 Nb4 25. Rxa7 Nc6 26. Rb7 Na5 27. Rxb6 Nc4 28. Ra6 Rd8 1/2-1/2

[Event "IRI-chT 14th"]
[Site "Tehran"]
[Date "2015.09.16"]
[Round "5.5"]
[White "Darban Vaighani, Morteza"]
[Black "Khoshkalam, Seyed Mehrab"]
[Result "1/2-1/2"]
[WhiteElo "2327"]
[BlackElo "2252"]
[PlyCount "121"]
[EventDate "2015.07.17"]
[EventType "team-tourn"]
[EventRounds "13"]
[EventCountry "IRI"]
[SourceTitle "EXT 2016"]
[Source "ChessBase"]
[SourceDate "2015.10.08"]
[SourceVersion "1"]
[SourceVersionDate "2015.10.08"]
[SourceQuality "1"]
[WhiteTeam "Tehran Esteghlal"]
[BlackTeam "Rasht Donyaye Felez"]
[WhiteTeamCountry "IRI"]
[BlackTeamCountry "IRI"]

1. Nf3 d5 2. g3 c5 3. Bg2 Nc6 4. d4 Nf6 5. 0-0 e6 6. b3 Be7 7. Bb2 0-0 8. dxc5 Bxc5 9. c4 dxc4 10. Qc2 Be7 11. Qxc4 Nd5 12. Ne5 Nxe5 13. Bxe5 Bd7 14. Bxd5 exd5 15. Qd4 f6 16. Qxd5+ Kh8 17. Bf4 Qc8 18. Nd2 Bc6 19. Qh5 Qe6 20. Be3 Rad8 21. Rac1 Rd5 22. Qh4 g5 23. Qc4 Qh3 24. f3 f5 25. Bd4+ Rxd4 26. Qxd4+ Bf6 27. Qd6 Kg7 28. Rxc6 bxc6 29. f4 h6 30. Nf3 Re8 31. Qd7+ Re7 32. Qd2 gxf4 33. gxf4 Kh7 34. Rf2 Rg7+ 35. Kh1 Bh4 36. Nxh4 Qxh4 37. Rf3 c5 38. e3 Qf6 39. Rg3 Rxg3 40. hxg3 Qc6+ 41. Qg2 Qd7 42. Qc2 Qd5+ 43. Kh2 Kg7 44. Qc3+ Kg6 45. Qe5 Qxe5 46. fxe5 Kf7 47. Kh3 Ke6 48. Kh4 Kxe5 49. Kh5 Ke4 50. Kxh6 Kxe3 51. Kg5 Ke4 52. Kf6 f4 53. gxf4 Kxf4 54. Ke6 Ke4 55. Kd6 Kd4 56. Kc6 c4 57. bxc4 Kxc4 58. Kb7 a5 59. Kb6 Kb4 60. a3+ Kxa3 61. Kxa5 1/2-1/2

[Event "Abrisham op"]
[Site "Sowme'eh Sara"]
[Date "2015.05.08"]
[Round "1"]
[White "Khoshkalam, Seyed Mehrab"]
[Black "Stopa, Jacek"]
[Result "0-1"]
[WhiteElo "2276"]
[BlackElo "2528"]
[PlyCount "62"]
[EventDate "2015.05.08"]
[EventType "swiss"]
[EventRounds "9"]
[EventCountry "IRI"]
[SourceTitle "CBM 166 Extra"]
[Source "ChessBase"]
[SourceDate "2015.06.18"]
[SourceVersion "1"]
[SourceVersionDate "2015.06.18"]
[SourceQuality "1"]

1. e4 e5 2. Bc4 Nf6 3. d3 c6 4. Qe2 Bc5 5. Nf3 d6 6. c3 0-0 7. Bg5 Bb6 8. Bb3 Nbd7 9. d4 a5 10. 0-0 Qc7 11. dxe5 dxe5 12. Na3 Bc5 13. Nc4 b5 14. Ncd2 a4 15. Bc2 h6 16. Bh4 Nh5 17. Rfd1 Nf4 18. Qe1 Re8 19. Nf1 g5 20. Bg3 Nf6 21. Ne3 Ng4 22. Nf5 Bxf5 23. exf5 e4 24. Nd4 e3 25. f3 Nf2 26. Rdc1 Rad8 27. f6 Qd6 28. Rd1 Qxf6 29. Be4 Nxd1 30. Rxd1 Bxd4 31. cxd4 Rxd4 0-1